Open Data Biblioteca Nacional de Portugal


República Portuguesa: Ministério da Cultura
Biblioteca Nacional de Portugal

Catálogo da BNP: acesso por Identificadores Unívocos
Registos Bibliográficos associados ao registo de autoridade

Etiqueta de registo: 00269ncm 2200145 450
001 1810870
003 http://id.bnportugal.gov.pt/bib/catbnp/1810870
100 ## $a20120503d1676 k y0pory0103 ba
101 0# $afre
102 ## $aFR
105 ## $ag z 000yy
106 ## $ar
200 1# $aMon Dieu, Mon Père !$bMúsica impressa]$ea uma voz e orgão$fA. Stradella$gparoles de Castil Blaze
210 #9 $aParis$cS. Richault éditeur,$d1676
215 ## $aPartitura (4 p.)$d26 cm
225 2# $aOrphéon Religieux a Grand Choeur$hN.º 10$fMormoiron (Vaucluse)
316 ## $aEncadernado com outras obras da mesma espécie$5M.P. 2252//9 V.
606 ## $aMúsica para canto e órgão$2SIPOR$31175118
606 ## $aMúsica sacra$j[Música impressa]$2SIPOR$31382065
675 ## $a78.089.6$vBN$zpor$3536969
675 ## $a783.2$vBN$zpor$3345660
675 ## $a786.6$vBN$zpor$3388858
700 #1 $aStradella,$bAlessandro,$f1639-1682$31207447
702 #0 $aCastil-Blaze,$cpseud.$4520$387989
712 02 $aRichault,$c(editor de música)$4340$364943
801 #0 $aPT$bBN$gRPC
966 ## $lBN$mMUSICA$sM.P. 2252//9 V.
997 ## $aBIBEOD

Etiqueta de registo: 00269ndm 2200145 450
001 1328996
003 http://id.bnportugal.gov.pt/bib/catbnp/1328996
100 ## $a20050707d18701900k y0pory0103 ba
101 0# $alat
102 ## $aPT
200 1# $aAve verum$bMúsica manuscrita ]$fStradella
210 #1 $d[Entre 1870 e 1900]
215 ## $aPartitura [1 f.]$d218x297 mm
500 10 $aAve verum$lCânticos$rV, org$udó menor
606 ## $2SIPOR$31161152
675 ## $a783$vBN$zpor$3291544
700 #1 $aStradella,$bAlessandro,$f1639-1682$31207447
702 #1 $aPinto,$bAntónio,$ffl. 187--191-,$cS. J.$4700$31164823
801 #0 $aPT$bBN$gRPC
966 ## $lBN$mMUSICA$sM.M. 967 $x6
995 ## $aPRR2022 $d20231115$idfontes$zBND
997 ## $aBIBEOD

Etiqueta de registo: 00269ndm 2200145 450
001 1332198
003 http://id.bnportugal.gov.pt/bib/catbnp/1332198
100 ## $a20050919f18501880k y0pory0103 ba
101 0# $aita
102 ## $aPT
200 1# $aPreghiera (Ave Verum)$bMúsica manuscrita ]$ePietá Signor$fdi A. Stradella
210 #1 $d[Entre 1850 e 1880]
215 ## $aPartitura [2 f.]$d220x300 mm
300 ## $aRedução para piano de autor desconhecido
307 ## $aFólios manchados de tinta
327 1# $aAve Maria em Mi b Maior, também em redução para piano
500 10 $aPreghiera$iPietá Signor$lCânticos$rpf$sdó menor$warranjo
541 1# $aOração
606 ## $2SIPOR$31161152
675 ## $a783$vBN$zpor$3291544
700 #1 $aStradella,$bAlessandro,$f1639-1682$31207447
801 #0 $aPT$bBN$gRPC
966 ## $lBN$mMUSICA$sM.M. 1562$x6
995 ## $aPRR2022 $d20231115$idfontes$zBND
997 ## $aBIBEOD

Etiqueta de registo: 00269ncm 2200145 450
001 1891728
003 http://id.bnportugal.gov.pt/bib/catbnp/1891728
100 ## $a20141226d1845 k y0pory01030103ba
101 0# $aita
102 ## $aIT
200 1# $aAria di chiesa (Preghiera)$bMúsica impressa]$fdi Alessandro Stradella
210 #9 $aMilano$cG. Ricordi & C.,$d1845
215 ## $aPartitura (6 p.)$d35 cm
225 2# $aAntologia classica musicale$v3
301 ## $aN.º de chapa: a 16184 a
317 ## $aProv.: Doação Madalena Furtado$5PTBN: M.P. 4720 A.
500 10 $aAria di chiesa.$iPietà, Signore,$rT, pf
606 ## $aMúsica sacra$zSéc. 17$j[Música impressa]$2SIPOR$31051816
675 ## $a783"16"$vBN$zpor$31551199
675 ## $a27-53$vBN$zpor$31378707
700 #1 $aStradella,$bAlessandro,$f1639-1682$31207447
712 02 $aCasa Ricordi$c(Editores de música)$4340$3756183
801 #0 $aPT$bBN$gRPC
966 ## $lBN$mMUSICA$sM.P. 4720 A.$x3
997 ## $aBIBEOD

Etiqueta de registo: 01452ncm 2200325 450
001 1919516
003 http://id.bnportugal.gov.pt/bib/catbnp/1919516
100 ## $a20160111f188 k y0pory01030103ba
101 0# $ager
102 ## $aDE
200 1# $aKirchen-arie$bMúsica impressa]$e(Pietà Signore)$fvon Stradella (um 1670)
210 #9 $aBraunschweig$cHenry Litolff's Verlag$d [ 188-]
225 2# $aTranscriptionen$eclassischer Lieder und Gesänge für Violoncello oder Violine mit Begleitung des Pianoforte$fvon J.A. Leibrock$v13
301 ## $aN.º de chapa: 3292
307 ## $aCapa decorada com letras artística e desenho de temática arquitectónica gótica
317 ## $aProv. Fundo do Conde de Redondo$5PTBN: F.C.R. 337 A.
606 ## $aMúsica para violino e piano$x[Música impressa]$2SIPOR$31148783
675 ## $a785.72$vBN$zpor$3536826
675 ## $a787.1:786.2$vBN$zpor$31617373
675 ## $a78.089.6$vBN$zpor$3536969
700 #1 $aStradella,$bAlessandro,$f1639-1682$31207447
702 #1 $aLeibrock,$bJosef Adolf,$f1808-1886$4030$31631886
712 02 $aHenry Litolff's Verlag$c(Editores de música)$4650$31248071
801 #0 $aPT$bBN$gRPC
856 40 $uhttps://purl.pt/46690
856 41 $uhttps://purl.pt/46690/service/media/cover/low
856 49 $uhttps://purl.pt/46690/service/media/pdf$qapplication/pdf
958 ## $aBND$bLivre$cDigitalizado$d1$ehttps://purl.pt/46690/service/media/cover/max
966 ## $lBN$mMUSICA$sF.C.R. 337 A. $x6
995 ## $aPRR2022 $d20231115$idfontes$zBND

Etiqueta de registo: 00269ncm 2200145 450
001 1750764
003 http://id.bnportugal.gov.pt/bib/catbnp/1750764
100 ## $a20100709d18821889k y0pory0103 ba
101 0# $afre
102 ## $aPT
105 ## $ag z 000yy
200 1# $aAir d'Eglise : Pietà Signor$bMúsica impressa]$epour piano et chant$fA. Stradella
210 #9 $aPorto$cCosta Mesquita$d[ca 1882-1889]
215 ## $aPartitura (6 p.)$d35 cm
317 ## $aProv.: Conservatório Nacional$5PTBN: C.N. 1216 A.
321 ## $aListagem das partituras do C.N. (Edições Portuguesas), de Maria João Albuquerque
500 10 $aAir d'Eglise :$iPietá Signor :$rV, pf
606 ## $aMúsica para canto e piano$zSéc. 19$j[Música impressa]$2SIPOR$31117817
675 ## $a78.089.6$vBN$zpor$3536969
675 ## $a784:786.2$vBN$zpor$3519118
700 #1 $aStradella,$bAlessandro,$f1639-1682$31207447
712 02 $aCosta Mesquita,$cCasa Editora de Músicas$4650$31394362
712 01 $aPortugal.$bConservatório Nacional.$bEscola de Música$4390$31172174
801 #0 $aPT$bBN$gRPC
966 ## $lBN$mMUSICA$sC.N. 1216 A.$x6
997 ## $aBIBEOD

Etiqueta de registo: 00269ndm 2200145 450
001 1924958
003 http://id.bnportugal.gov.pt/bib/catbnp/1924958
100 ## $a20160311f18501889k y0pory01030103ba
101 0# $aita
102 ## $aPT
106 ## $ah
200 1# $aPieta Signore$bMúsica manuscrita]$earia di chiesa$fStradella
210 #1 $a[S.l.$cs.n.,$d185-]
215 ## $a1 partitura ([14 p.])$d34 cm
316 ## $aExemplar encadernado em miscelânea de impressos pert. a Laura Wake Marques$5PTBN: M.P. 5198//5 A.
317 ## $aProv. Academia de Música de Santa cecília $5PTBN: M.P. 5198//5 A.
501 1# $aCanções sacras,$rV, pf
517 1# $aAria di chiesa
606 ## $aMúsica sacra$zSéc. 17$j[Música manuscrita]$2SIPOR$31161152
606 ## $aMúsica para canto e instrumento de tecla$x[Música manuscrita]$2SIPOR$31393633
675 ## $a783.4$vBN$zpor$3461649
675 ## $a784:786.2$vBN$zpor$3519118
675 ## $a78.089.6$vBN$zpor$3536969
675 ## $a27-53$vBN$zpor$31378707
700 #1 $aStradella,$bAlessandro,$f1639-1682$31207447
702 #1 $aMarques,$bLaura Wake,$f1879-1957$4390$397788
712 02 $aAcademia de Música de Santa Cecília$4390$31638420
801 #0 $aPT$bBN$gRPC
966 ## $lBN$mMUSICA$nPert. Laura Wake Marques$sM.P. 5198//5 A. $x3
997 ## $aBIBEOD

Etiqueta de registo: 00000ndm 2200025
001 2176044
003 http://id.bnportugal.gov.pt/bib/catbnp/2176044
100 ## $a20240808f18751905k y0pory01030103ba
101 0# $alat$apor
102 ## $aPT
106 ## $ah
200 1# $aAria sacra$bMúsica manuscrita]$eDoleo suporte$fStradella$gA. de Menezes S.J.
210 #1 $d[Entre 1875 e 1905]
215 ## $a1 parte$d30 x 22 cm
300 ## $aLetra em latim e português
307 ## $aIncompleta, apenas uma parte vocal
500 11 $aÁrias Sacras,$rS,$uDó menor
675 ## $a78.089.6$vBN$zpor$3536969
701 #1 $aMeneses,$bAntónio C. de,$ffl. 1875-1905,$cS.J.$4030$31186962
701 #1 $aStradella,$bAlessandro,$f1639-1682$4100$31207447
801 #0 $aPT$bBN$gRPC
966 ## $lBN$mMUSICA$sM.M. 3982
971 ## $cCatmusica1$d20240808

Etiqueta de registo: 00000ndm 2200025
001 2176676
003 http://id.bnportugal.gov.pt/bib/catbnp/2176676
100 ## $a20240810f18501899k y0pory01030103ba
101 0# $apor$alat
102 ## $aPT
106 ## $ah
200 1# $aBendito e Gloria$bMúsica manuscrita]$fpor Manuel João de Paiva
210 #1 $d[Entre 1850 e 1899]
215 ## $a1 partitura (32 p.)$d22 x 29 cm
307 ## $aAlguns dos cânticos estão completos com as partes de acompanhamento e de voz, outros incluem apenas a parte de acompanhamento
330 ## $aTrata-se de uma colectânea de cânticos de vários autores. Inclui: Bendito e gloria, Gloria, O Salutaris Hostia, Panis angelicus, Adoro Te, Bendito, Aria, Cor Jesu, Ex altari Tuo, Justus ut palma, Benedic Anima mea, aria ao SS. C. de Jesus, e Cantico ao natal do menino Jesus
500 11 $aCânticos,$rVV, tecla,$uSi ¬ maior
675 ## $a78.089.6$vBN$zpor$3536969
700 #1 $aPaiva,$bManuel João de,$fca 1850$31200206
701 #1 $aStradella,$bAlessandro,$f1639-1682$4230$31207447
701 #1 $aTerziani,$bPietro,$f1765-1831$4230$31197671
701 #1 $aTeixeira, $bDelphina,$ffl. 1850 -1899$4230$31924371
801 #0 $aPT$bBN$gRPC
966 ## $lBN$mMUSICA$sM.M. 246//4
971 ## $cCatmusica1$d20240810
972 ## $e0$z0$d20240814$vigoncalves

Etiqueta de registo: 00000ndm 2200025
001 2188267
003 http://id.bnportugal.gov.pt/bib/catbnp/2188267
100 ## $a20241003f18501899k y0pory01030103ba
101 0# $alat
102 ## $aPT
106 ## $ah
200 1# $aAve Verum$bMúsica manuscrita]$fStradella
210 #1 $d[Entre 1850 e 1899]
215 ## $a1 parte$d30 x 22 cm
307 ## $aApenas uma parte vocal
317 ## $aConservatório Nacional
500 11 $aCânticos,$rV,$uDó menor
675 ## $a78.089.6$vBN$zpor$3536969
700 #1 $aStradella,$bAlessandro,$f1639-1682$31207447
712 01 $aPortugal.$bConservatório Nacional.$bEscola de Música$4390$31172174
801 #0 $aPT$bBN$gRPC
966 ## $lBN$mMUSICA$sC.N. 5389
971 ## $cCatmusica4$d20241003

Etiqueta de registo: 00000ndm 2200025
001 2247435
003 http://id.bnportugal.gov.pt/bib/catbnp/2247435
100 ## $a20260114f18501930k y0pory01030103ba
101 0# $alat$afre
102 ## $aPT
106 ## $ah
200 1# $aPietá Signore$bMúsica manuscrita]$eAria de Chiesa$fMuzica de Stradella$gPosse de F. A. Cançado
210 #1 $d[Entre 1850 e 1930]
215 ## $a10 partes$d23 x 31 cm
317 ## $aIPPC, Departamento de Musicologia, Fundo Pavia de Magalhães
500 11 $aPeças,$rS, orq, org
675 ## $a78.089.6$vBN$zpor$3536969
700 #1 $aStradella,$bAlessandro,$f1639-1682$31207447
712 01 $aPortugal.$bInstituto Português do Património Cultural.$bDepartamento de Musicologia$4390$3285717
801 #0 $aPT$bBN$gRPC
966 ## $lBN$mMUSICA$sPM 2553$x7
971 ## $cCatmusica2$d20260114
995 ## $aPRR2026 $d20260114$iCatmusica2

Etiqueta de registo: 00000ndm 2200025
001 2247410
003 http://id.bnportugal.gov.pt/bib/catbnp/2247410
100 ## $a20260114f18901930k y0pory01030103ba
101 0# $alat$afre
102 ## $aPT
106 ## $ah
200 1# $aAir d' Eglise$bMúsica manuscrita]$fStradella$garranje por J. Dambè.
210 #1 $d[Entre 1890 e 1930]
215 ## $a3 partes$d22 x 31 cn
317 ## $aIPPC, Departamento de Musicologia, Fundo Pavia de Magalhães
317 ## $aArchivo Popular de Música Genérica fundado em 1895 Joaquim José d'Almeida Lisboa (carimbo)
500 11 $aPeças,$rMezzo-S/Bar, vl, org
675 ## $a78.089.6$vBN$zpor$3536969
700 #1 $aStradella,$bAlessandro,$f1639-1682$31207447
702 #1 $aDanbé,$bJules,$f1840-1905$4030$31978272
712 01 $aPortugal.$bInstituto Português do Património Cultural.$bDepartamento de Musicologia$4390$3285717
801 #0 $aPT$bBN$gRPC
966 ## $lBN$mMUSICA$sPM 2552$x7
971 ## $cCatmusica2$d20260114
995 ## $aPRR2026 $d20260114$iCatmusica2

Etiqueta de registo: 00000ndm 2200025
001 2247285
003 http://id.bnportugal.gov.pt/bib/catbnp/2247285
100 ## $a20260114f18801930k y0pory01030103ba
101 0# $apor$afre
102 ## $aPT
106 ## $ah
200 1# $aAir d' Eglise$bMúsica manuscrita]$fStradella$garranjo de J. Dambê
210 #1 $d[Entre 1880 e 1930]
215 ## $a1 parte$d22 x 30 cm
317 ## $aIPPC, Departamento de Musicologia, Fundo Pavia de Magalhães
317 ## $aPosse de Manuel da Encarnação. Capitão chefe de musica
500 11 $aPeças,$rorg
675 ## $a78.089.6$vBN$zpor$3536969
700 #1 $aStradella,$bAlessandro,$f1639-1682$31207447
702 #1 $aDanbé,$bJules,$f1840-1905$4030$31978272
702 #1 $aEncarnação,$bManuel Inácio da,$f1863-dps.1942$4390$31256054
712 01 $aPortugal.$bInstituto Português do Património Cultural.$bDepartamento de Musicologia$4390$3285717
801 #0 $aPT$bBN$gRPC
966 ## $lBN$mMUSICA$sPM 2551$x7
971 ## $cCatmusica2$d20260114
995 ## $aPRR2026 $d20260114$iCatmusica2

Etiqueta de registo: 00000ndm 2200025
001 2249028
003 http://id.bnportugal.gov.pt/bib/catbnp/2249028
100 ## $a20260116f18801930k y0pory01030103ba
101 0# $apor
102 ## $a
106 ## $ah
200 1# $aAir d'eglise$bMúsica manuscrita]$ep.ª Instrumentos de cordas, Piano, Harmonimo e Harpa$fde Stradella
210 #1 $d[Entre 1880 e 1930]
215 ## $a7 partes$d24 x 31 cm
317 ## $aIPPC, Departamento de Musicologia, Fundo Pavia de Magalhães
500 11 $aPeças,$r2vl, vla, 2vlc, cb, hp, pf, harmónio
675 ## $a78.089.6$vBN$zpor$3536969
700 #1 $aStradella,$bAlessandro,$f1639-1682$31207447
712 01 $aPortugal.$bInstituto Português do Património Cultural.$bDepartamento de Musicologia$4390$3285717
801 #0 $aPT$bBN$gRPC
966 ## $lBN$mMUSICA$sPM 3381$x7
971 ## $cCatmusica8$d20260116
995 ## $aPRR2026 $d20260116$iCatmusica8

Etiqueta de registo: 00000ndm 2200025
001 2255499
003 http://id.bnportugal.gov.pt/bib/catbnp/2255499
100 ## $a20260127f1917 k y0pory01030103ba
101 0# $afre
102 ## $aPT
106 ## $ah
200 1# $aAir D`Eglise$bMúsica manuscrita]$e(Pietà Signori)$fde A. Stradella
210 #1 $aPorto,$d19/4/1917
215 ## $a1 partitura (6 p.) e 7 partes $d33 x 26 cm
306 ## $a"A. Freitas 1917"
307 ## $aA partitura impressa, para voz e piano, serviu de base para o arranjo (Air D`Eglise) (Pietà Signor) / A. Stradella. Porto, Costa Mesquita, [s.d.])
317 ## $aIPPC, Departamento de Musicologia, Espólio de Mário de Sampaio Ribeiro
500 11 $aPeças,$rV, 2vl, vla, vlc, cb
675 ## $a78.089.6$vBN$zpor$3536969
700 #1 $aStradella,$bAlessandro,$f1639-1682$31207447
712 01 $aPortugal.$bInstituto Português do Património Cultural.$bDepartamento de Musicologia$4390$3285717
801 #0 $aPT$bBN$gRPC
966 ## $lBN$mMUSICA$sEMUS11 659$x7
971 ## $cCatmusica1$d20260127
995 ## $aPRR2026 $d20260127$iCatmusica1

Etiqueta de registo: 00000ndm 2200025
001 2262518
003 http://id.bnportugal.gov.pt/bib/catbnp/2262518
100 ## $a20260206f18601900k y0pory01030103ba
101 0# $apor
102 ## $aPT
106 ## $ah
200 1# $aAria Sacra, do celebre Cantor Stradella$bMúsica manuscrita]$fComposto por A. Garaudé$gArranjo para Fanfarra por M. A. Correia$gPosse de C. A. d'Abreu
210 #1 $d[Entre 1860 e 1900]
215 ## $a1 partitura (9 p.)$d22 x 30 cm
317 ## $aColeção Valério Peres Franco
500 11 $aPeças,$rbanda ;$warr.
675 ## $a78.089.6$vBN$zpor$3536969
700 #1 $aStradella,$bAlessandro,$f1639-1682$31207447
701 #1 $aGaraudé,$bAlexis de,$f1779-1852$4230$385951
702 #1 $aCorreia,$bManuel António,$f1808-1887$4030$3219327
702 #1 $aAbreu,$bCarlos António d',$ffl. 1868-1893$4390$31982975
801 #0 $aPT$bBN$gRPC
966 ## $lBN$mMUSICA$sVPF 2536$x7
971 ## $cCatmusica7$d20260206
995 ## $aPRR2026 $d20260206$iCatmusica7

Etiqueta de registo: 00000ndm 2200025
001 2263596
003 http://id.bnportugal.gov.pt/bib/catbnp/2263596
100 ## $a20260209f18901920k y0pory01030103ba
101 0# $a
102 ## $aPT
106 ## $ah
200 1# $aPreghiera, Pietá, Signor$bMúsica manuscrita]$eMelodie Celebri$fAlessandro Stradella$gtranscritte per Harmonium Solo o con Piano forte da Giuseppe Romano$gdesenho de Jose Eloy d'Araujo
210 #1 $d[Entre 1890 e 1920]
215 ## $a1 partitura (6 p.)$d28 x 22 cm
304 ## $aTítulo e autor recolhido na p. 2 e a restante informação recolhida na capa
304 ## $a"copiou José Eloy d'Araujo" na última página da partitura
317 ## $aColeção Valério Peres Franco
500 11 $aPeças,$rharmonio/pf
675 ## $a78.089.6$vBN$zpor$3536969
700 #1 $aStradella,$bAlessandro,$f1639-1682$31207447
702 #1 $aAraújo,$bJosé Eloy de$ffl. 1894-1913$4700$31925971
801 #0 $aPT$bBN$gRPC
966 ## $lBN$mMUSICA$sVPF 2920$x7
971 ## $cCatmusica1$d20260209
995 ## $aPRR2026 $d20260209$iCatmusica1

Etiqueta de registo: 00000ndm 2200025
001 2263174
003 http://id.bnportugal.gov.pt/bib/catbnp/2263174
100 ## $a20260209f18801910k y0pory01030103ba
101 0# $alat$aita
102 ## $aPT
106 ## $ah
200 1# $aPietá signor ou Ave Verum$bMúsica manuscrita]$eAria di Chiesa$fpor Stradella
210 #1 $d[Entre 1880 e 1910]
215 ## $a7 partes$d22 x 29 cm
300 ## $aExistem duas partes iguais para voz com textos diferentes
304 ## $aPeça erroneamente atribuída a A. Stradella, provavelmente de Niedermeyer ou Rossini
317 ## $aFrancisco José de Araujo (carimbo)
317 ## $aColeção Valério Peres Franco
500 11 $aÁrias sacras,$rV, orq
675 ## $a78.089.6$vBN$zpor$3536969
702 #1 $aAraújo,$bFrancisco José de,$ffl. 1840-1913$4390$31925008
702 #1 $aStradella,$bAlessandro,$f1639-1682$4060$31207447
801 #0 $aPT$bBN$gRPC
966 ## $lBN$mMUSICA$sVPF 3056$x7
971 ## $cCatmusica7$d20260209
995 ## $aPRR2026 $d20260209$iCatmusica7

Etiqueta de registo: 00000ndm 2200025
001 2265274
003 http://id.bnportugal.gov.pt/bib/catbnp/2265274
100 ## $a20260211f18601910k y0pory01030103ba
101 0# $aita
102 ## $a
106 ## $ah
200 1# $aAria$bMúsica manuscrita]$fde Stradella
210 #1 $d[Entre 1860 a 1910]
215 ## $a9 partes$d30 x 23 cm
317 ## $aColeção Valério Peres Franco
500 11 $aÁrias,$rV, orq, org
675 ## $a78.089.6$vBN$zpor$3536969
700 #1 $aStradella,$bAlessandro,$f1639-1682$31207447
801 #0 $aPT$bBN$gRPC
966 ## $lBN$mMUSICA$sVPF 3893$x7
971 ## $cCatmusica2$d20260211
995 ## $aPRR2026 $d20260211$iCatmusica2

OpendataBNP@bnportugal.pt | Mais informação sobre acesso aos dados BNP